000 00510nam a2200181Ia 4500
005 20250508153019.0
008 008 250505s9999 xx 000 0 eng d
037 _aTextual
040 _aFEDL
_beng
_cFEDL
041 _aeng
_2eng
084 _a396.954, DES
_qFEDL
100 _aDesai Neera
245 0 _aWoman in modern India
260 _aBombay, India
_bVora and Company Publishers Private Limited
_c1957
300 _a314p
942 _cTEXL
_h396.954, DES
999 _c1340153
_d1340153